A fehérvérsejtek kórélettana - II. leukopaenia és leukocyta expanzió : a hematopoietikus és a lymphoid szövet tumorai /
Elmentve itt :
| Szerző: | |
|---|---|
| Dokumentumtípus: | Könyv |
| Kulcsszavak: | fehérvérsejt hematológia |
| Tárgyszavak: | |
| Online Access: | http://eta.bibl.u-szeged.hu/933 |
| LEADER | 00780nnm a2200229 i 4500 | ||
|---|---|---|---|
| 001 | eta933 | ||
| 005 | 20190423083735.0 | ||
| 008 | 181128suuuu hu o 0|| hun d | ||
| 040 | |a SZTE Elektronikus Tananyag Archívum |b hun | ||
| 041 | |a hun | ||
| 100 | 1 | |a Szakács Júlia | |
| 245 | 1 | 2 | |a A fehérvérsejtek kórélettana - II. |h [elektronikus dokumentum] : |b leukopaenia és leukocyta expanzió : a hematopoietikus és a lymphoid szövet tumorai / |c Szakács Júlia |
| 300 | |a 50 | ||
| 516 | |a Book | ||
| 650 | 4 | |a Orvos- és egészségtudomány | |
| 650 | 4 | |a Klinikai orvostan | |
| 650 | 4 | |a Onkológia | |
| 650 | 4 | |a Hematológia | |
| 650 | 4 | |a Hematológia | |
| 695 | |a fehérvérsejt | ||
| 695 | |a hematológia | ||
| 856 | 4 | 0 | |u https://eta.bibl.u-szeged.hu/933/1/wbc_hu.pdf |z Dokumentum-elérés |